| 000 | 00375pab a2200157 454500 | ||
|---|---|---|---|
| 008 | 180718b1998 xxu||||| |||| 00| 0 eng d | ||
| 100 | _aSelvaraju, R. | ||
| 245 | _aCommercial bank finance: rural customer's satisfaction | ||
| 260 | _c1998 | ||
| 300 | _ap.44-45 | ||
| 362 | _aOct | ||
| 650 | _aBanks - India | ||
| 650 | _aBanks | ||
| 773 | _aKurukshetra | ||
| 909 | _a39241 | ||
| 999 |
_c39241 _d39241 |
||